00205nam a2200085Ia 4500008004100000100001600041245003000057260002300087260000900110170620s9999 xx 000 0 und d aBhattcharya 0aInterpretation of Statues bCentral Law Agency c2001